| 000 | 01837cam a2200265 4500 | ||
|---|---|---|---|
| 001 | ##L135772 | ||
| 008 | 061211n2010 000 0 eng u | ||
| 020 | _a9780117540996 | ||
| 035 | _a(Sirsi) u135772 | ||
| 041 | 0 | _aeng | |
| 050 | 0 | 4 | _a711.26 $2 18 |
| 110 | 1 |
_aUnited Kingdom _bDepartment for Communities and Local Government _94939 |
|
| 245 | 0 | 0 |
_aPlanning Policy Statement 25 _bdevelopment and flood risk: Revised March 2010 |
| 260 |
_aLondon _bTSO _c2010 |
||
| 490 | 0 |
_aPlanning Policy Statement _v25 |
|
| 505 | 1 | _aKey planning objectives -- Decision-making principles -- Risk-based approach: flood risk assessments; the sequential approach; the sequential test; the exception test -- Responsibilities: owner/developer; regional planning body; local planning authority; the Environment Agency; other bodies; working in constructive partnership -- Monitoring and review | |
| 520 | _aOutlines the national planning policy framework in England for development and flood risk. Aims to ensure that flood risk is considered at all stages in the planning process to prevent inappropriate development in areas at risk from flooding, and to direct development away from areas at highest risk. If new development is necessary in high risk areas, PPS25 aims to make it safe without increasing flood risk in other areas. Supersedes "Planning policy guidance note 25: development and flood risk" (PPG25) (ISBN 0117536113). | ||
| 590 | _aKA | ||
| 650 | 2 | 4 | _aPLANNING POLICY STATEMENT 25 |
| 650 | 2 | 4 | _aPLANNING POLICY GUIDANCE NOTE 25 |
| 651 | 4 |
_aEngland _y886- |
|
| 690 | _aENVIRONMENTAL AND LAND CONSULTANCY-PLANNING AND DEVELOPMENT-PLANNING GUIDANCE | ||
| 856 | 4 | 0 |
_uhttps://www.communities.gov.uk/documents/planningandbuilding/pdf/planningpolicystatement25.pdf _zView PPS25 free of charge at www.communities.gov.uk.. |
| 942 | _n0 | ||
| 999 |
_c106203 _d106203 |
||